Estadísticas para Paises por PIB en continentes

Haz click aquí para intentar la prueba.

Estadísticas generales

  • Esta prueba ha sido intentada 66 veces
  • La puntuación promedio es 23 de 25

Estadísticas de respuestas

ContinentePais% Correcto
OceaniaAustralia
100%
OceaniaNueva Zelanda
98%
EuropaAlemania
97%
EuropaItalia
97%
EuropaReino Unido
97%
AmericaCanada
95%
AsiaChina
95%
AfricaEgipto
95%
AmericaEstados Unidos
95%
EuropaFrancia
95%
AsiaIndia
95%
AsiaJapon
95%
AmericaMexico
95%
AmericaArgentina
93%
AmericaBrasil
93%
AsiaCorea del sur
93%
EuropaRusia
93%
AfricaSudafrica
93%
AfricaArgelia
92%
OceaniaFiyi
92%
AsiaIndonesia
92%
AfricaMarruecos
92%
OceaniaPapua nueva guinea
90%
OceaniaIslas salomon
87%
AfricaNigeria
83%

Distribución de puntuación

Porcentaje por número respondido

Porcentaje de gente con cada puntuación

Historial de tus puntuaciones

No has intentado esta prueba.